000 01150cam a2200337 i 4500
999 _c28776
_d28747
001 871641
003 EG-ScBUE
005 20200922111934.0
008 790913s1978 enkabe f b 000 0 eng d
020 _a014080935X
040 _aDLC
_beng
_erda
_cDLC
_dDLC
_dEG-ScBUE
043 _ae-uk---
082 0 4 _a307.760941
_bISS
_222
245 0 0 _aIssues in urban society /
_cedited by Ross Davies and Peter Hall.
264 1 _aMiddlesex, England :
_bPenguin Books Ltd,
_c1978.
300 _a299 pages :
_billustrations, maps, plans ;
_c18 cm.
336 _2rdacontent
_atext
_btxt
337 _2rdamedia
_aunmediated
_bn
338 _2rdacarrier
_avolume
_bnc
490 0 _aPenguin education.
_ageography and environmental studies
500 _aIncludes appendix.
504 _aIncludes bibliographical references.
650 7 _aUrban policy
_zGreat Britain.
_2BUEsh
651 7 _aGreat Britain
_xSocial policy.
_2BUEsh
653 _bGGEN
_cSeptember2020
655 _vReading book
_934232
700 1 _aDavies, R. L.,
_eeditor.
700 1 _aHall, Peter,
_d1932-2014,
_eeditor.
906 _a7
_bcbc
_corignew
_d3
_encip
_f19
_gy-gencatlg
942 _2ddc
_cBB